Implementation and Measurement of Ethical Principles in Management
Úloha, funkcia a integrácia „Etického kódexu“ v spoločnostiach.
Guardado en:
| Autor principal: | |
|---|---|
| Otros Autores: | |
| Formato: | Capítulo de libro |
| Lenguaje: | inglés |
| Materias: | |
| Etiquetas: |
Sin Etiquetas, Sea el primero en etiquetar este registro!
|
MARC
| LEADER | 00000naa a2200000 4500 | ||
|---|---|---|---|
| 001 | 0256995 | ||
| 005 | 20240502074100.2 | ||
| 041 | 0 | |a eng | |
| 044 | |a SK | ||
| 245 | 1 | 0 | |a Implementation and Measurement of Ethical Principles in Management |c Georg Sivers, Gabriela Dubcová |
| 520 | |a Úloha, funkcia a integrácia „Etického kódexu“ v spoločnostiach. | ||
| 610 | 2 | 0 | |a kódexy etické |
| 610 | 2 | 0 | |a etika podniková |
| 610 | 2 | 0 | |a manažéri |
| 610 | 2 | 0 | |a manažment |
| 100 | 1 | |a Sievers, Georg, 1967- | |
| 700 | 1 | |a Dubcová, Gabriela, 1968- | |